| 000 | 00739nam a2200253Ia 4500 | ||
|---|---|---|---|
| 003 | OSt | ||
| 005 | 20220918221844.0 | ||
| 006 | a|||||r|||| 00| 0 | ||
| 007 | ta | ||
| 008 | 220917b |||||||| |||| 00| 0 eng d | ||
| 024 | _a210,400 | ||
| 037 | _cTextual | ||
| 040 |
_aARTS _cARTS _beng |
||
| 041 |
_2eng _aeng |
||
| 082 | _aX:89ZB, N9 | ||
| 100 |
_aHite James _9141596 |
||
| 245 | 0 |
_aLearning in chaos _b Improving human performance in today's fast-changing volatile organizations |
|
| 260 |
_aHouston _bGulf publishing co. _c1999 |
||
| 300 |
_axix, 300 p _ccm. |
||
| 490 | _aImproving human performance series | ||
| 650 | _aECONOMICS | ||
| 942 |
_hX:89ZB, N9 _cTEXL _2CC |
||
| 999 |
_c273827 _d273827 |
||